00391nam a22001457a 450000500170000000800410001702000150005804100150007308200160008810000150010424500670011926000090018630000250019565000250022020231129143333.0231129b |||||||| |||| 00| 0 eng d a0869906755 aAfrikaans  a340.02 POT  lAfrikaans  aPotchefstroomse Universiteit vir Christelike hoer Onderwysers  c1979 b215 pages ; c22 cm. aLegal practice bLaw